Geography Quiz

Random Geography or State Quiz

States That Border Massachusetts Quiz Stats

 Plays Quiz not verified by Sporcle

Score 0/5 Timer 01:00
0 Plays Today
Answer % Correct
Vermont
100%
New Hampshire
95%
Rhode Island
95%
New York
95%
Connecticut
90%

You're not logged in!

Compare scores with friends on all Sporcle quizzes.
OR
Log In

Sporcle TV

Today on Sporcle TV


Watch our educational content, quiz creation guides, and fun videos on Sporcle TV.

Show Comments

Extras

Top Quizzes Today


Score Distribution

Your Account Isn't Verified!

In order to create a playlist on Sporcle, you need to verify the email address you used during registration. Go to your Sporcle Settings to finish the process.

Report this User

Report this user for behavior that violates our Community Guidelines.

Details: